000 02048nam0a2200385 4500
001 RU\NLR\bibl\1173859
005 20260409080410.0
010 _a5-7266-0285-41
_970
021 _aRU
_b2007-80106
_94311
035 _a(NLR Aleph) 001160526
090 _a1534608
_c1534608
100 _a20080110d2007 |||y0rusy50 ca
101 0 _arus
102 _aRU
105 _aa |||||||||
200 1 _aМодели организации образовательной деятельности в инновационном вузе
_eмонография
_f[Жилкин С.Ф., к.э.н., Волков В.Е., к.т.н., Князева А.В.
_gавт.-ред. А.В. Князева]
_gФедер. агентство по образованию, Гос. образоват. учреждение высш. проф. образования Тольят. гос. ун-т
210 _aТольятти
_cТольяттинский государственный университет
_d2007
215 _a301 с.
_cил.
_d21
300 _aАвт. указаны на обороте тит.л.
320 _aБиблиогр.: с. 299-301 (37 назв.)
606 _aВысшее образование
_xИнновации
_3RU\NLR\AUTH\6601752542
_92664515
686 1 _aЧ481.2
701 1 _4070
_8rus
_7ca
_aЖилкин
_bС. Ф.
_f1960-2008
_gСергей Федорович
_3RU\NLR\auth\778211
_9118125
701 1 _4070
_8rus
_7ca
_aВолков
_bВ. Е.
_cканд. техн. наук
_f1948-
_gВячеслав Евгеньевич
_3RU\NLR\auth\7763544
_946473
701 1 _aКнязева
_bА. В.
_gАнна Владимировна
_4070
702 1 _aКнязева
_bА. В.
_gАнна Владимировна
_4340
712 0 2 _4570
_aТольяттинский государственный университет
_3RU\NLR\AUTH\8810042300
_9584015
801 0 _aRU
_bNLR
_c20080110
_gRCR
801 1 _aRU
_bNLR
_c20080110
830 _aавт. и ред. по кн
942 _cBOOK
980 _aNB
980 _aNBR